Geography without 'i's - Statistics

General Stats
  • This quiz has been taken 58 times
  • The average score is 12 of 15
Answer Stats
Blind Description Geography % Correct
RELAND Country in Europe IRELAND
100%
HAWA U.S. state HAWAII
96%
KRBAT Country in Oceania KIRIBATI
96%
SCLY Island in Italy SICILY
96%
FJ Country in Oceania FIJI
94%
NDA Country in Asia INDIA
92%
MSSSSPP U.S. state MISSISSIPPI
92%
CELAND Country in Europe ICELAND
90%
PACFC Ocean PACIFIC
90%
BOLVA Country in South America BOLIVIA
82%
TAPE Capital of Taiwan TAIPEI
66%
TBLS Capital of Georgia TBILISI
62%
SNA Peninsula in Egypt SINAI
60%
ZMR City in Turkey IZMIR
58%
VENTANE Capital of Laos VIENTIANE
52%
No matching quizzes found
Score Distribution
Percent of People with Each Score
Percentile by Number Answered
Your Score History
You have not taken this quiz